<The> Insurance Market in the Slovak Republic

Vývoj komerčného poistného trhu na Slovensku a prehľad komerčných poisťovní za rok 2016.

Uložené v:
Podrobná bibliografia
Hlavný autor: Drugdová, Barbora
Médium: Kapitola
Jazyk:English
Predmet:
Tagy: Pridať tag
Žiadne tagy, Buďte prvý, kto otaguje tento záznam!

MARC

LEADER 00000naa$a2200000$$$4500
001 0249934
005 20240502083712.6
041 0 |a eng 
044 |a US 
245 1 0 |a <The> Insurance Market in the Slovak Republic  |c Barbora Drugdová 
520 |a Vývoj komerčného poistného trhu na Slovensku a prehľad komerčných poisťovní za rok 2016. 
610 2 0 |a trh poistný 
610 2 0 |a poistenie životné 
610 2 0 |a poistenie neživotné 
610 2 0 |a poisťovne komerčné 
610 2 0 |a Slovensko 
100 1 |a Drugdová, Barbora